000 00712cab a2200241 4500
001 ABS57973
008 090401t1997 xxu||||| |||| 00| 0 eng d
035 _a(Sirsi) u82432
041 _aeng
100 _aBoswall, J.
245 4 _aThe Shimizu case rewrites history
260 _c1997
350 _a0
490 _aProperty Week
_v61(8) 21 November 1997, 23(1)
520 _aReviews the new DoE circular which responds to the decision in "Shimizu (UK) Ltd v Westminster CC" and includes revisions to PPG15.
650 _aCONSERVATION
650 _aDEMOLITION
650 _aPPG15
650 _aSHIMIZU V WESTMINSTER CC
690 _aPLANNING LAW AND PRACTICE
942 _n0
948 _c01/12/1997
999 _c52051
_d52051